| 000 | 01123cam a22003131 4500 | ||
|---|---|---|---|
| 001 | 3113570 | ||
| 003 | GBCCL | ||
| 005 | 20241126110422.0 | ||
| 008 | 711124m19641976miu d 001 0 eng | ||
| 010 | _a 64015136 | ||
| 020 |
_a0802822509 (v. 8) : _c18.50 (varies for each vol.) |
||
| 040 |
_aDLC _cDLC _dDLC |
||
| 041 | 1 | _aengger | |
| 050 | 0 | 0 |
_aBS2312 _b.K5813 1964 |
| 082 | 0 | 0 |
_a487.3 _a225.3 _bTHE |
| 100 | 1 |
_aKittel, Gerhard, _d1888-1948, _eed. _94496 |
|
| 240 | 1 | 0 |
_aTheologisches Wörterbuch zum Neuen Testament. _lEnglish |
| 245 | 1 | 0 |
_aTheological dictionary of the New Testament. _cTranslator and editor: Geoffrey W. Bromiley. |
| 260 |
_aGrand Rapids, Mich., _bEerdmans _cc1964-c1976. |
||
| 300 |
_a10 v. _c25 cm. |
||
| 500 | _aVol. 5- edited by Gerhard Friedrich. | ||
| 500 | _aIncludes index. | ||
| 630 | 0 | 0 |
_aBible. _pNew Testament _xDictionaries. _92567 |
| 650 | 0 |
_aGreek language, Biblical _xDictionaries. _9636 |
|
| 700 | 1 |
_aBromiley, Geoffrey William, _eed. and tr. _94073 |
|
| 700 | 1 |
_aFriedrich, Gerhard, _d1908- _eed. _94497 |
|
| 906 |
_a7 _bcbc _corignew _du _eocip _f19 _gy-gencatlg |
||
| 942 |
_2ddc _cREF |
||
| 999 |
_c2197 _d2197 |
||